Biggest Cities in Peru - Statistics

General Stats
  • This quiz has been taken 55 times
  • The average score is 9 of 20
Answer Stats
Population City % Correct
9,943,800 Lima
100%
428,450 Cusco
95%
1,009,132 Arequipa
88%
919,899 Trujillo
80%
377,609 Iquitos
71%
473,025 Piura
59%
552,508 Chiclayo
56%
465,834 Huancayo
51%
289,861 Ica
49%
537,377 Callao
46%
286,240 Tacna
44%
216,444 Ayacucho
37%
201,329 Cajamarca
37%
354,273 Chimbote
29%
196,627 Huánuco
24%
327,568 Pucallpa
24%
276,110 Juliaca
22%
184,910 Sullana
15%
144,839 Tarapoto
15%
200,585 Huacho
7%
No matching quizzes found
Score Distribution
Percent of People with Each Score
Percentile by Number Answered
Your Score History
You have not taken this quiz